[Event "Wch Seniors 65 (Women) 29th"]
[Site "Bucharest"]
[Date "2019.11.20"]
[Round "8"]
[White "Gandelman, Ita"]
[Black "Abdikasova, Panu"]
[Result "0-1"]
[WhiteElo "1525"]
[BlackElo "1563"]
[PlyCount "68"]
[EventDate "2019.11.12"]
[EventType "swiss"]
[EventRounds "11"]
[EventCountry "ROU"]
[SourceTitle "CBM 193 Extra"]
[Source "ChessBase"]
[SourceDate "2020.01.31"]
[SourceVersion "1"]
[SourceVersionDate "2020.01.31"]
[SourceQuality "1"]

1. e4 g6 2. Nf3 e6 3. c3 d6 4. g3 Nd7 5. Bg2 Bg7 6. 0-0 Ne7 7. d3 0-0 8. Nbd2 Re8 9. Re1 b6 10. Nc4 Bb7 11. Be3 d5 12. exd5 Nxd5 13. Bd2 a5 14. Ne3 Nc5 15. d4 Nd3 16. Rf1 c5 17. Qc2 Nxe3 18. Bxe3 c4 19. Ne1 Bxg2 20. Nxg2 b5 21. Nf4 Nxf4 22. Bxf4 Qd5 23. Rae1 b4 24. Qe4 Qb5 25. Qe2 Rac8 26. Qd2 Red8 27. Qc1 Rd5 28. Re2 Qa4 29. a3 bxa3 30. bxa3 Bf8 31. Qc2 Qxa3 32. Qb2 Qb3 33. Ra1 Rb5 34. Ra2 Qd1+ 0-1

[Event "Wch Seniors 65 (Women) 25th"]
[Site "Acqui Terme"]
[Date "2015.11.11"]
[Round "2"]
[White "Abdikasova, Panu"]
[Black "Sorokina, Tamara"]
[Result "0-1"]
[WhiteElo "1980"]
[BlackElo "2116"]
[PlyCount "72"]
[EventDate "2015.11.10"]
[EventType "tourn"]
[EventRounds "9"]
[EventCountry "ITA"]
[SourceTitle "CBM 169 Extra"]
[Source "ChessBase"]
[SourceDate "2015.12.18"]
[SourceVersion "1"]
[SourceVersionDate "2015.12.18"]
[SourceQuality "1"]

1. d4 Nf6 2. c4 e6 3. Nf3 c5 4. Nc3 a6 5. e4 cxd4 6. Nxd4 Qc7 7. Bd3 Nc6 8. Be3 Ne5 9. 0-0 Neg4 10. Nf3 Nxe3 11. fxe3 Ng4 12. Qe2 Bc5 13. Nd1 h6 14. b4 Be7 15. Rb1 0-0 16. Nf2 Ne5 17. Nxe5 Qxe5 18. g3 f5 19. exf5 exf5 20. c5 d5 21. cxd6 Bxd6 22. Bc4+ Be6 23. Bxe6+ Qxe6 24. Rb3 f4 25. gxf4 Rxf4 26. Qd3 Rh4 27. h3 Bg3 28. e4 Bxf2+ 29. Rxf2 Rxe4 30. Qf3 Re8 31. Kg2 Re2 32. Rb2 Re3 33. Qh5 Qc6+ 34. Kh2 Qd6+ 35. Kh1 Qg3 36. Qd5+ Kh8 0-1

[Event "Wch Seniors (Women) 24th"]
[Site "Katerini"]
[Date "2014.10.31"]
[Round "7"]
[White "Abdikasova, Panu"]
[Black "Sinchurina, Tatiana"]
[Result "1/2-1/2"]
[WhiteElo "1981"]
[BlackElo "1985"]
[PlyCount "83"]
[EventDate "2014.10.24"]
[EventType "swiss"]
[EventRounds "11"]
[EventCountry "GRE"]
[SourceTitle "EXT 2015"]
[Source "ChessBase"]
[SourceDate "2014.11.20"]
[SourceVersion "1"]
[SourceVersionDate "2014.11.20"]
[SourceQuality "1"]

1. d4 Nf6 2. Nf3 e6 3. c4 d5 4. Bg5 Be7 5. Nc3 b6 6. cxd5 Nxd5 7. Bxe7 Nxe7 8. e3 Bb7 9. Be2 Nd7 10. Rc1 0-0 11. 0-0 c5 12. Qd2 cxd4 13. Qxd4 Nf6 14. Qa4 Bc6 15. Qb3 Ned5 16. Rfd1 Qe7 17. Nd4 Bb7 18. Bf3 Nxc3 19. Bxb7 Qxb7 20. Rxc3 Rac8 21. Rcd3 Rfd8 22. Nb5 Rxd3 23. Qxd3 Qd5 24. Qxd5 exd5 25. Nc3 Kf8 26. Kf1 Rc5 27. f3 b5 28. a3 a5 29. Rd4 Ke7 30. Ke2 Ke6 31. Kd3 Nd7 32. f4 f5 33. b4 axb4 34. axb4 Rc4 35. Nxb5 Rc1 36. Nc3 Nb6 37. g3 Rh1 38. h4 Rg1 39. Ne2 Rb1 40. Kc2 Re1 41. Kd2 Rb1 42. Kc2 1/2-1/2

[Event "Wch Seniors (Women) 24th"]
[Site "Katerini"]
[Date "2014.10.26"]
[Round "3"]
[White "Abdikasova, Panu"]
[Black "Hoose, Hannelore"]
[Result "1-0"]
[WhiteElo "1981"]
[BlackElo "1757"]
[PlyCount "133"]
[EventDate "2014.10.24"]
[EventType "swiss"]
[EventRounds "11"]
[EventCountry "GRE"]
[SourceTitle "EXT 2015"]
[Source "ChessBase"]
[SourceDate "2014.11.20"]
[SourceVersion "1"]
[SourceVersionDate "2014.11.20"]
[SourceQuality "1"]

1. d4 c5 2. d5 e5 3. Nc3 d6 4. e4 Nf6 5. Nf3 Be7 6. Be2 a6 7. a4 0-0 8. h3 h6 9. 0-0 Nh7 10. Ra3 Ng5 11. Nxg5 Bxg5 12. Kh2 Nd7 13. a5 Bxc1 14. Qxc1 Nf6 15. Qe1 Nh7 16. Na4 Rb8 17. Nb6 Qh4 18. Nxc8 Rfxc8 19. Bc4 Qe7 20. Rb3 Nf8 21. Qe2 Qc7 22. Ra1 Rd8 23. Qg4 Qd7 24. Qh5 Qe7 25. h4 Qf6 26. Rf3 Qg6 27. Qxg6 fxg6 28. Rb3 Nd7 29. Be2 h5 30. g4 Nf6 31. gxh5 gxh5 32. f3 Kf7 33. Rg1 g6 34. Rb6 Kg7 35. Rb1 Ne8 36. b4 cxb4 37. R1xb4 Kf6 38. Bxa6 Ra8 39. Bxb7 Rxa5 40. Bc6 Ke7 41. Rb7+ Kf8 42. Rh7 Rc5 43. Rh8+ Kg7 44. Rxe8 Rxc2+ 45. Kg3 Rxe8 46. Bxe8 Rc7 47. Bc6 Kf6 48. f4 Re7 49. Rb7 exf4+ 50. Kxf4 Re5 51. Bd7 g5+ 52. hxg5+ Rxg5 53. Bf5 Rg1 54. Rh7 Rf1+ 55. Kg3 Rh1 56. Kg2 Rh4 57. Rh6+ Ke5 58. Re6+ Kd4 59. Rxd6 Rf4 60. Kg3 Ke3 61. Rh6 Rf3+ 62. Kh4 Rf1 63. Rxh5 Kf3 64. d6 Rh1+ 65. Bh3 Kxe4 66. d7 Rd1 67. Rh8 1-0

[Event "Wch Seniors (Women) 24th"]
[Site "Katerini"]
[Date "2014.10.25"]
[Round "2"]
[White "Titorenko, Natalia I"]
[Black "Abdikasova, Panu"]
[Result "1-0"]
[WhiteElo "2123"]
[BlackElo "1981"]
[PlyCount "125"]
[EventDate "2014.10.24"]
[EventType "swiss"]
[EventRounds "11"]
[EventCountry "GRE"]
[SourceTitle "EXT 2015"]
[Source "ChessBase"]
[SourceDate "2014.11.20"]
[SourceVersion "1"]
[SourceVersionDate "2014.11.20"]
[SourceQuality "1"]

1. d4 d5 2. Nf3 e6 3. g3 Nf6 4. Bg2 Be7 5. 0-0 0-0 6. c4 c6 7. Qc2 dxc4 8. a4 a5 9. Qxc4 Na6 10. Nc3 Nb4 11. Qb3 Ra6 12. h3 h6 13. e4 Rb6 14. Qd1 Bd7 15. Be3 Ra6 16. Qe2 Qc8 17. Rac1 Qd8 18. Rfd1 Re8 19. Kh2 Ra8 20. Ne5 Qb8 21. f4 Bc8 22. Rd2 Nd7 23. Nd3 Nxd3 24. Qxd3 Rd8 25. Qe2 Nf6 26. Rcd1 Bd7 27. Rc2 Be8 28. Rdc1 Bf8 29. Bf3 g6 30. Qg2 Bg7 31. e5 Nd5 32. Bxd5 exd5 33. g4 Bd7 34. Qg3 f6 35. Rf2 Rf8 36. Rcf1 f5 37. Rg1 Kh7 38. Re2 Qc8 39. Bd2 fxg4 40. hxg4 Be8 41. f5 Qc7 42. f6 Bh8 43. g5 h5 44. e6 Qxg3+ 45. Kxg3 Bxf6 46. gxf6 Rxf6 47. Ree1 Rf8 48. Rgf1 Rg8 49. Bg5 Rc8 50. Kf4 Rf8+ 51. Ke5 Rxf1 52. Rxf1 Kg7 53. Be7 b6 54. Rc1 Ra8 55. Kd6 Ra7 56. Bg5 Kg8 57. Ne2 Rh7 58. Nf4 Rb7 59. Nxd5 c5 60. Nf6+ Kh8 61. Nxe8 cxd4 62. Nf6 Rb8 63. e7 1-0

[Event "Wch Seniors (Women) 21st"]
[Site "Rijeka"]
[Date "2011.11.18"]
[Round "4"]
[White "Titorenko, Natalia I"]
[Black "Abdikasova, Panu"]
[Result "1-0"]
[WhiteElo "2143"]
[BlackElo "1978"]
[PlyCount "81"]
[EventDate "2011.11.15"]
[EventType "swiss"]
[EventRounds "11"]
[EventCountry "CRO"]
[SourceTitle "CBM 145 Extra"]
[Source "ChessBase"]
[SourceDate "2012.01.03"]
[SourceVersion "1"]
[SourceVersionDate "2012.01.03"]
[SourceQuality "1"]

1. e4 c5 2. Nc3 Nc6 3. g3 d6 4. Bg2 Bd7 5. Nge2 Nf6 6. 0-0 e6 7. d4 cxd4 8. Nxd4 a6 9. Be3 Be7 10. Nb3 0-0 11. Na4 Be8 12. Nb6 Rb8 13. a4 a5 14. h3 Nd7 15. Nc4 Qc7 16. Qd2 b5 17. axb5 Rxb5 18. Ncxa5 Nde5 19. f4 Nxa5 20. Nxa5 Rxa5 21. Qxa5 Qxa5 22. Rxa5 Nc4 23. Ra7 Nxe3 24. Rxe7 Nxf1 25. Bxf1 Bc6 26. Bd3 Rb8 27. Rc7 Be8 28. b3 Kf8 29. Kf2 h6 30. Ke3 Rb4 31. Bc4 Rb8 32. Kd4 Ra8 33. f5 exf5 34. exf5 Ra5 35. Bd3 Re5 36. b4 h5 37. c4 Re1 38. b5 Rg1 39. b6 Rg2 40. b7 Rb2 41. Be4 1-0

[Event "Wch Seniors (Women) 20th"]
[Site "Arco"]
[Date "2010.10.27"]
[Round "2"]
[White "Abdikasova, Panu"]
[Black "Gaprindashvili, Nona"]
[Result "0-1"]
[WhiteElo "2010"]
[BlackElo "2363"]
[PlyCount "96"]
[EventDate "2010.10.26"]
[EventType "swiss"]
[EventRounds "9"]
[EventCountry "ITA"]
[SourceTitle "EXT 2011"]
[Source "ChessBase"]
[SourceDate "2010.11.26"]
[SourceVersion "1"]
[SourceVersionDate "2010.11.26"]
[SourceQuality "1"]

1. e4 b6 2. Nf3 Bb7 3. Nc3 e6 4. Be2 g6 5. d4 Bg7 6. Be3 h6 7. Qd2 d6 8. 0-0-0 Nd7 9. h3 a6 10. Rhe1 Ne7 11. g4 Nf6 12. Bd3 d5 13. e5 Ne4 14. Qe2 Nxc3 15. bxc3 Qd7 16. Kb2 Qa4 17. Rb1 Nc6 18. Ka1 Na5 19. Nd2 0-0 20. f4 c5 21. Qd1 c4 22. Bf1 Qa3 23. Rb2 b5 24. Nb1 Qe7 25. Qd2 Bc8 26. Bg2 Rd8 27. Bf3 Kh7 28. Qg2 Rb8 29. Bd2 Nc6 30. a3 a5 31. f5 Qe8 32. f6 Bf8 33. h4 b4 34. cxb4 Nxd4 35. c3 Nxf3 36. Qxf3 axb4 37. cxb4 d4 38. Rc2 c3 39. Bc1 Qa4 40. Ra2 Ba6 41. Qd1 Qc6 42. Rc2 Bc4 43. Rf2 Ra8 44. Qf3 Qa4 45. Qf4 Qxb4 46. Re4 Bd3 47. Nxc3 Qxc3+ 48. Bb2 Rxa3# 0-1

[Event "Wch Seniors (Women) 19th"]
[Site "Condino"]
[Date "2009.11.03"]
[Round "6"]
[White "Abdikasova, Panu"]
[Black "Mira, Helene"]
[Result "0-1"]
[WhiteElo "2055"]
[BlackElo "2125"]
[PlyCount "60"]
[EventDate "2009.10.27"]
[EventType "swiss"]
[EventRounds "9"]
[EventCountry "ITA"]
[SourceTitle "EXT 2010"]
[Source "ChessBase"]
[SourceDate "2010.11.25"]
[SourceVersion "1"]
[SourceVersionDate "2010.11.25"]
[SourceQuality "1"]

1. d4 Nf6 2. Nf3 e6 3. c4 b6 4. Nc3 Bb4 5. Qb3 Ba5 6. Bd2 0-0 7. e3 d5 8. a3 Bxc3 9. bxc3 c5 10. cxd5 exd5 11. c4 Ne4 12. cxd5 Nxd2 13. Nxd2 cxd4 14. Nf3 dxe3 15. fxe3 Ba6 16. Bxa6 Nxa6 17. 0-0 Nc5 18. Qa2 Qe7 19. Rae1 Rad8 20. Nd2 Ne4 21. Nxe4 Qxe4 22. Rd1 Qxe3+ 23. Kh1 Rd6 24. Rf3 Qe4 25. Rfd3 Re8 26. h3 h6 27. a4 Qb4 28. Rd4 Re1+ 29. Rxe1 Qxe1+ 30. Kh2 Qe5+ 0-1

[Event "Wch Seniors (Women) 19th"]
[Site "Condino"]
[Date "2009.10.30"]
[Round "3"]
[White "Bogumil, Tatiana"]
[Black "Abdikasova, Panu"]
[Result "1-0"]
[WhiteElo "2169"]
[BlackElo "2055"]
[PlyCount "83"]
[EventDate "2009.10.27"]
[EventType "swiss"]
[EventRounds "9"]
[EventCountry "ITA"]
[SourceTitle "EXT 2010"]
[Source "ChessBase"]
[SourceDate "2010.11.25"]
[SourceVersion "1"]
[SourceVersionDate "2010.11.25"]
[SourceQuality "1"]

1. e4 c5 2. Nf3 d6 3. d4 cxd4 4. Nxd4 Nf6 5. Nc3 a6 6. a4 e6 7. Be2 Nc6 8. 0-0 Be7 9. Be3 Bd7 10. Nb3 0-0 11. a5 Rc8 12. f4 Qc7 13. Bf3 Qb8 14. Na4 Be8 15. Nb6 Rd8 16. c4 Nd7 17. Nxd7 Rxd7 18. Qe2 Qc8 19. Rfd1 Kh8 20. Rd2 Nb4 21. Nd4 Rc7 22. b3 Bc6 23. Rad1 d5 24. cxd5 exd5 25. Nxc6 bxc6 26. Bb6 Rb7 27. exd5 cxd5 28. Bxd5 Rd7 29. Qc4 Nxd5 30. Qxc8 Rxc8 31. Rxd5 Rxd5 32. Rxd5 Kg8 33. Rd7 Kf8 34. Ra7 Bd6 35. Rxa6 Bxf4 36. g3 Rc1+ 37. Kg2 Bd2 38. Ra8+ Ke7 39. a6 Ra1 40. a7 Ra2 41. Kf3 Bb4 42. Rb8 1-0

[Event "Wch Seniors (Women) 16th"]
[Site "Arvier"]
[Date "2006.09.20"]
[Round "9"]
[White "Abdikasova, Panu"]
[Black "Abolina, Arija Solveiga"]
[Result "1-0"]
[WhiteElo "2035"]
[BlackElo "1838"]
[PlyCount "73"]
[EventDate "2006.09.11"]
[EventType "swiss"]
[EventRounds "11"]
[EventCountry "ITA"]
[SourceTitle "CBM 114 Extra"]
[Source "ChessBase"]
[SourceDate "2006.11.03"]
[SourceVersion "1"]
[SourceVersionDate "2006.11.03"]
[SourceQuality "1"]

1. d4 Nf6 2. c4 e6 3. Nc3 Bb4 4. Qc2 c5 5. e3 d5 6. Nf3 Nc6 7. dxc5 0-0 8. Be2 dxc4 9. Bxc4 Bxc5 10. 0-0 a6 11. a3 Qc7 12. Bd3 Ne5 13. Nxe5 Qxe5 14. b4 Ba7 15. Bb2 Qc7 16. Rac1 h6 17. h3 Bb8 18. f4 Bd7 19. Qe2 Bc6 20. Ne4 Nxe4 21. Bxe4 Rc8 22. Bb1 Qe7 23. Qd3 g6 24. Qc3 e5 25. Qb3 Kh7 26. fxe5 Rf8 27. Ba2 Kg8 28. Rf6 Bxe5 29. Bxe5 Qxe5 30. Rxg6+ Kh7 31. Rg4 Bd5 32. Qd3+ f5 33. Bxd5 Rad8 34. Rd4 Rd7 35. Rc5 Re8 36. Bg8+ Kxg8 37. Rxe5 1-0

[Event "Wch Seniors (Women) 16th"]
[Site "Arvier"]
[Date "2006.09.14"]
[Round "4"]
[White "Erenska Barlo, Hanna"]
[Black "Abdikasova, Panu"]
[Result "1/2-1/2"]
[WhiteElo "2293"]
[BlackElo "2035"]
[PlyCount "139"]
[EventDate "2006.09.11"]
[EventType "swiss"]
[EventRounds "11"]
[EventCountry "ITA"]
[SourceTitle "CBM 114 Extra"]
[Source "ChessBase"]
[SourceDate "2006.11.03"]
[SourceVersion "1"]
[SourceVersionDate "2006.11.03"]
[SourceQuality "1"]

1. e4 c5 2. f4 d5 3. exd5 Qxd5 4. Nc3 Qd8 5. Nf3 Nc6 6. Bb5 Bd7 7. 0-0 Nf6 8. a4 g6 9. d3 Bg7 10. Ne5 Rc8 11. Be3 b6 12. Nxc6 Bxc6 13. Bxc6+ Rxc6 14. Qf3 Rd6 15. f5 0-0 16. fxg6 hxg6 17. Bf4 Re6 18. Rae1 Rxe1 19. Rxe1 e6 20. Be5 Nd7 21. Bxg7 Kxg7 22. g3 Nf6 23. Qf4 a6 24. Kg2 Qd7 25. Re2 Qc6+ 26. Kg1 Nd7 27. b3 f6 28. Qe4 Qxe4 29. Nxe4 Kf7 30. Kg2 e5 31. h4 Rh8 32. Re1 Ke6 33. Rf1 f5 34. Ng5+ Kd5 35. c3 Nf6 36. Re1 Re8 37. Nf3 b5 38. axb5 axb5 39. Ra1 Nd7 40. Ra6 c4 41. bxc4+ bxc4 42. dxc4+ Kxc4 43. Rxg6 Kxc3 44. Rd6 Re7 45. Rd5 e4 46. Ng1 Ne5 47. Kf2 Kc4 48. Ra5 Kb4 49. Ra8 Ng4+ 50. Ke2 Rc7 51. Rb8+ Ka5 52. Ra8+ Kb6 53. Rb8+ Ka7 54. Rb3 Rc2+ 55. Kd1 Ra2 56. Nh3 Rh2 57. Nf4 Nf2+ 58. Kc1 Ng4 59. Nd5 Rf2 60. Ne7 Ka6 61. h5 Rh2 62. Nxf5 Rxh5 63. Ne3 Nf2 64. Kd2 Rh2 65. Kc3 Rh3 66. Rb2 Rxg3 67. Rxf2 Rxe3+ 68. Kd4 Re1 69. Rf6+ Kb5 70. Re6 1/2-1/2

[Event "Wch Seniors (Women) 14th"]
[Site "Halle"]
[Date "2004.11.03"]
[Round "9"]
[White "Sotter Klundt, Gerlinde"]
[Black "Abdikasova, Panu"]
[Result "1/2-1/2"]
[WhiteElo "1650"]
[BlackElo "2037"]
[PlyCount "115"]
[EventDate "2004.10.24"]
[EventType "swiss"]
[EventRounds "9"]
[EventCountry "GER"]
[SourceTitle "EXT 2006"]
[Source "ChessBase"]
[SourceDate "2005.11.24"]
[SourceVersion "1"]
[SourceVersionDate "2005.11.24"]
[SourceQuality "1"]

1. d4 d5 2. c4 e6 3. Nc3 Nf6 4. e3 Be7 5. Qc2 Nbd7 6. Bd3 dxc4 7. Bxc4 c6 8. Nf3 b5 9. Bd3 Bb7 10. 0-0 a6 11. e4 h6 12. e5 Nd5 13. Nxd5 cxd5 14. Be3 Rc8 15. Qd2 Nb6 16. b3 b4 17. Rfc1 Na8 18. Rxc8 Bxc8 19. Rc1 Bb7 20. h3 Qb6 21. Rc2 Nc7 22. Qe2 Bc6 23. Ne1 Nb5 24. Bxb5 Bxb5 25. Qg4 g6 26. Rc8+ Bd8 27. Rc2 a5 28. Qd1 Qa6 29. Qc1 g5 30. g4 Kd7 31. Qd2 Be7 32. Qc1 Rc8 33. Rxc8 Qxc8 34. Qxc8+ Kxc8 35. f4 gxf4 36. Bxf4 Bf8 37. Kf2 Kb7 38. h4 Ka6 39. Ke3 a4 40. Nd3 Ka5 41. h5 Be8 42. g5 hxg5 43. Bxg5 f6 44. Bxf6 Bxh5 45. Bd8+ Kb5 46. Bg5 axb3 47. axb3 Bd1 48. Nc1 Bc2 49. Kd2 Bf5 50. Nd3 Kc6 51. Ke2 Kd7 52. Bd2 Bxd3+ 53. Kxd3 Ke8 54. Ke2 Kf7 55. Kf3 Kg6 56. Be1 Kf5 57. Bd2 Be7 58. Be1 1/2-1/2

[Event "Wch Seniors (Women) 14th"]
[Site "Halle"]
[Date "2004.10.30"]
[Round "7"]
[White "Richter, Hildegard"]
[Black "Abdikasova, Panu"]
[Result "0-1"]
[WhiteElo "1944"]
[BlackElo "2037"]
[PlyCount "94"]
[EventDate "2004.10.24"]
[EventType "swiss"]
[EventRounds "9"]
[EventCountry "GER"]
[SourceTitle "EXT 2006"]
[Source "ChessBase"]
[SourceDate "2005.11.24"]
[SourceVersion "1"]
[SourceVersionDate "2005.11.24"]
[SourceQuality "1"]

1. d4 Nf6 2. Nf3 g6 3. Bg5 Bg7 4. Nbd2 h6 5. Bh4 d6 6. e4 g5 7. Bg3 Nh5 8. c3 Nxg3 9. hxg3 e5 10. Qb3 g4 11. Nh4 Nc6 12. d5 Ne7 13. Bb5+ c6 14. dxc6 bxc6 15. Bc4 d5 16. exd5 cxd5 17. Bb5+ Bd7 18. Qa4 Bxb5 19. Qxb5+ Kf8 20. 0-0-0 Rb8 21. Qc5 Qb6 22. Nb3 Rc8 23. Qxb6 axb6 24. Kb1 h5 25. Rhf1 Bf6 26. f3 Bxh4 27. gxh4 Nf5 28. Rd3 gxf3 29. Rdxf3 Nd6 30. Rd3 Rg8 31. Rxd5 Nc4 32. Rd7 Rxg2 33. Rdxf7+ Kg8 34. R7f2 Rg4 35. Rf6 Re8 36. R6f5 Ne3 37. R1f3 Nxf5 38. Rxf5 Rxh4 39. Rf1 Rh2 40. Nc1 e4 41. Re1 Kf7 42. Ne2 h4 43. Nd4 h3 44. a4 Rg2 45. Ne2 h2 46. Rf1+ Kg7 47. Nf4 Rg1 0-1